000 00180 a2200097 4500
001 7659
100 _aTufail, M
245 _aNaqush
260 _a
_bFaroqu
_c
090 _c6127
_d6127
942 _aNUST-CAE
_c
_c32631
999 _c242732
_d242732